000 00535nam a22001817a 4500
003 UA-OsUOA
001 9941
007 ta
008 20041207b un ||||| |||| 00| 0 ukr d
100 _aВасиленко М.
942 _cSA
040 _aUA-OsUOA
_cUA-OsUOA
_dUA-OsUOA
245 _aПівстоліття любові : [ Про українського поета В. Рябого]
300 _aС.2
955 _a0
773 0 _w0
_tЛітературна Украіна
_dКиїв
_d2004
_g№47
650 7 _aРябий В.
_2UDC
999 _c296102
_d296102